000 00624nam a2200217 a 4500
005 20240925064516.0
008 140521s2004 ag r 000 0 spa d
020 _a9500829320
035 _aUPN01000197399
049 _aI
050 4 _aPZ75
_bB6.4
100 1 _aBoetto, Aldo
_935547
245 1 3 _aLa curiosa Aylén ¡guerra en la escuela! /
_cAldo Boetto ; il. Gabriel Bernstein.
260 _aBuenos Aires :
_bAtlántida,
_c2004.
300 _a[30] p. :
_bil. col.
440 0 _aAtlántida mini
650 4 _aCuentos infantiles argentinos
_97466
650 4 _aPaz
_96176
905 _aInfantil
999 _c169500
_d169500